01307pam a2200325 a 4500001001100000003000800011006001900019007001500038008004100053020001500094020001500109040002100124035002000145050002300165082001400188100002600202245010100228260003400329300001100363500008500374504005300459533015200512650002100664650002200685655002900707700008800736710001700824856012500841999001500966ebr5007493CaPaEBRm u cr cn|||||||||010226s2000 enk sb 001 0 eng d z1853028657 z1853028675 aCaPaEBRcCaPaEBR a(OCoLC)7075018714aHV40b.B329 2000eb04a361.32211 aBateman, Neil,d1955-10aAdvocacy skills for health and social care professionalsh[electronic resource] /cNeil Bateman. aLondon :bJ. Kingsley,c2000. a185 p. aPrevious ed.: Advocacy Skills: A handbook for human service professionals, 1995. aIncludes bibliographical references and indexes. aElectronic reproduction.bPalo Alto, Calif. :cebrary,d2013.nAvailable via World Wide Web.nAccess may be limited to ebrary affiliated libraries. 0aSocial advocacy. 0aPatient advocacy. 7aElectronic books.2local1 aBateman, Neil,d1955-tAdvocacy Skills: A handbook for human service professionals.2 aebrary, Inc.40uhttp://site.ebrary.com/lib/rucke/Doc?id=5007493zAn electronic book accessible through the World Wide Web; click to view c5182d5182